Poetika básnických smerov v poľskej a slovenskej poézii 20. storočia /

Hlavní autor: Winczer, Pavol, 1935-2014
Jazyk: Slovenština
Vydáno: Bratislava : Veda, 1974
Vydání: Prvé vydanie
Témata:
Fyzický popis: 173 stran ; 24 cm
Language note: Ruské, polské a francouzské resumé
Knihy
Uloženo v:
LEADER 01763nam a22005052i 4500
001 001771635
003 CZ BrMZK
005 20210113171957.0
007 ta
008 200930s1974 xo er|||||||||||slo d
040 |a ABA004  |b cze  |c ABA004  |d ABA004  |e rda  |d BOA001 
041 0 |a slo  |b rus  |b pol  |b fre 
043 |a e-xo---  |a e-pl--- 
045 |a x-x- 
072 7 |a 821.16.09  |x Slovanské literatury (o nich)  |2 Konspekt  |9 11 
080 |a 821.162.1-1  |2 MRF 
080 |a 821.162.4-1  |2 MRF 
080 |a 82.0  |2 MRF 
080 |a 82.02  |2 MRF 
080 |a 82.091  |2 MRF 
080 |a (437.6)  |2 MRF 
080 |a (438)  |2 MRF 
080 |a (048.8)  |2 MRF 
100 1 |a Winczer, Pavol,  |d 1935-2014  |7 jn20010602426  |4 aut 
245 1 0 |a Poetika básnických smerov v poľskej a slovenskej poézii 20. storočia /  |c Pavol Winczer 
250 |a Prvé vydanie 
264 1 |a Bratislava :  |b Veda,  |c 1974 
300 |a 173 stran ;  |c 24 cm 
336 |a text  |b txt  |2 rdacontent 
337 |a bez média  |b n  |2 rdamedia 
338 |a svazek  |b nc  |2 rdacarrier 
504 |a Obsahuje rejstřík 
546 |a Ruské, polské a francouzské resumé 
648 7 |a 20. století  |7 ch460558  |2 czenas 
650 0 7 |a polská poezie  |7 ph115806  |y 20. století  |2 czenas 
650 0 7 |a slovenská poezie  |7 ph125662  |y 20. století  |2 czenas 
650 0 7 |a poetika  |7 ph117252  |2 czenas 
650 0 7 |a literární směry  |7 ph136571  |z Polsko  |y 20. století  |2 czenas 
650 0 7 |a literární směry  |7 ph136571  |z Slovensko  |y 20. století  |2 czenas 
650 0 7 |a literární komparatistika  |7 ph137146  |2 czenas 
655 7 |a monografie  |7 fd132842  |2 czenas 
910 |a BOA001  |b 3-0732.913 
990 |a BK 
991 |b 202009 
996 7 |b 2618703610  |c 3-0732.913  |l MZK  |r Sklad / do 1 hodiny  |n 0  |w 001829491  |u 000010  |a 1  |e BOA001  |j MZK50  |s A